| 000 | 00669cam a2200205u 4500 | ||
|---|---|---|---|
| 999 |
_c233190 _d233190 |
||
| 001 | 6112436 | ||
| 003 | Nust | ||
| 005 | 20170304165359.0 | ||
| 008 | 830210s1964 nyua 000 1 eng | ||
| 010 | _a 64020378 | ||
| 020 | _a9781853261190 | ||
| 040 |
_aDLC _cCarP _dDLC |
||
| 050 | 0 | 0 |
_aPZ3.K629 _bJ34 _aPR4854.J6 |
| 082 |
_a823 _bKIP |
||
| 100 | 1 |
_aKipling, Rudyard, _d1865-1936. |
|
| 245 | 1 | 4 | _aThe jungle book. |
| 260 |
_aGarden City, N.Y., _bDoubleday _c1993 |
||
| 300 |
_a190 p. _billus. (part col.) _c25 cm. |
||
| 600 | 0 | 0 |
_aMowgli _c(Fictitious character) _vFiction. |
| 650 | 0 |
_aJungle animals _vFiction. |
|
| 906 |
_a0 _bcbc _cpremunv _du _encip _f19 _gy-gencatlg |
||
| 942 |
_2ddc _cBK |
||